Na majstrovstvách Slovenska získali mladí umelci z Vánku dve prvenstvá Sfúkli aj dospelých

Bibliographic Details
Main Author: Grega, Ľubomír (Author)
Corporate Author: Vánok (detské tanečné divadlo) (Author)
Format: Article
Language:Slovak
Subjects:

MARC

LEADER 00000nab a2200000 a 4500
001 vtls000894864
003 SK-MaSNL
005 20260512100813.0
008 040720e19970609xo 0 slo
035 |a KE3896 
040 |a KEVKJB  |b slo  |c KEVKJB  |e AACR2 
041 0 |a slo 
044 |a xo  |c SK 
080 |a 793.3-053.2  |2 1981 
100 1 |a Grega, Ľubomír  |4 aut  |9 355455 
245 1 0 |a Na majstrovstvách Slovenska získali mladí umelci z Vánku dve prvenstvá  |b Sfúkli aj dospelých 
610 2 7 |a Vánok (detské tanečné divadlo)  |2 KEVKJB 
610 2 7 |a Vánok (detské tanečné divadlo)  |2 KEVKJB  |9 29890 
611 1 7 |a majstrovstvá Slovenska  |2 KEVKJB  |9 873318 
650 0 7 |a scénický tanec  |2 KEVKJB  |9 3308 
650 0 7 |a kompozície tanečné  |2 KEVKJB  |9 1235356 
650 0 7 |a víťazstvo  |2 KEVKJB  |9 509578 
651 7 |a Košice (Slovensko)  |2 KEVKJB  |9 18694 
651 7 |a KE,  |2 KEVKJB  |9 877256 
651 7 |a KE,  |2 KEVKJB  |9 877256 
655 7 |a periodikum  |2 snkbucl  |9 29553 
710 2 |a Vánok (detské tanečné divadlo)  |4 aut 
773 0 8 |t Korzo  |g Roč. 4, č.131, 9.6.1997, s. 6 
852 |a ZVYKNI  |b KIS3GCP 
999 |c 2183719  |d 2185649